| 000 | 00527nam a22001817a 4500 | ||
|---|---|---|---|
| 003 | OSt | ||
| 005 | 20180116183046.0 | ||
| 008 | 160721b xxu||||| |||| 00| 0 eng d | ||
| 020 | _a0195796098 | ||
| 040 | _c0 | ||
| 082 | _a957.9105 SOC 2001 | ||
| 100 | _aOxford University Press | ||
| 245 |
_aSocial Development in Pakistan _bAnnual Review 2000 _cOxford University Press |
||
| 260 |
_aPakistan _bSocial Development In Pakistan _c2001 |
||
| 300 |
_a239 p. _bPB |
||
| 440 | _aSocial Development in Pakistan | ||
| 942 |
_2ddc _cBK |
||
| 999 |
_c351442 _d351442 |
||